Jak dobrze znasz wiedźmin 1 ? - Statystyki

Ogólne statystyki
  • Ten quiz został rozwiązany 412 razy
  • Średni wynik to 9 z 15
Statystyki odpowiedzi
Zagadnienie Odpowiedź % Poprawnych
Co przyzwało bestię na Podgrodzie? Nienawiść i niegodziwość poparta czynami
87%
Po której stronie Geralt może stanąć podczas walki w Odmętach? 3 - Zakon płonącej róży, Scoia'tael lub Neutralność
80%
W jaki sposób Jaskier i Alvin trafiają na odmęty? Triss ich teleportuje
80%
Vodyanoi to ? Rasa podwodnych człekokształtnych ryb
79%
Gdzie znajduje się ciało Raymonda Maarloeve? W krypcie na cmentarzu
77%
Ilu wiedźminów broniło Kaer Morhen w prologu gry? 5
65%
Czy da się spotkać Jaskra w Wyzimie Klasztornej? Tak
62%
W jaki sposób Geralt dowiedział się, że De Wett współpracuje z salamandrą? Podczas rozmowy z Geraltem, gdy mówi o Pamiętniku Ostrita
61%
Jaki przedmiot jest potrzebny, aby przekonać babcię w domu Shani do bezproblemowego wchodzenia za każdym razem ? Pierścień proroka Lebiody
58%
Jak nazywa się pierwszy możliwy przeciwnik w walce na pięści ? Eskel
55%
Kto pomaga nam w zniszczeniu organizacji Salamandry? Declan Leuvaarden
41%
Ile jest rozmieszczonych obelisków na bagnach, służących do otworzenia wieży? 8
35%
Co jest potrzebne do uaktywnienia golema na bagnach? Odgromnik i burza z piorunami
31%
Ile jest lokacji w grze ? 9
30%
Dlaczego Ilsa otruła się w krypcie? Została zgwałcona przez bandę zbirów salamandry
11%
Nie znaleziono quizów pasujących do podanych kryteriów
Rozkład punktacji
Procent ludzi z każdym wynikiem
Percentyl według liczby udzielonych odpowiedzi
Twoja historia wyników
Nie rozwiązałeś tego quizu